[Event "Heusenstamm Schloss op"]
[Site "Heusenstamm"]
[Date "2022.11.18"]
[Round "3"]
[White "Weil, Volker"]
[Black "Podat, Vladimir"]
[Result "0-1"]
[WhiteElo "2031"]
[BlackElo "2255"]
[PlyCount "74"]
[EventDate "2022.11.17"]
[EventType "swiss"]
[EventRounds "7"]
[EventCountry "GER"]
[SourceTitle "CBM 212 Extra"]
[Source "ChessBase"]
[SourceDate "2023.03.31"]
[SourceVersion "1"]
[SourceVersionDate "2023.03.31"]
[SourceQuality "1"]

1. d4 Nf6 2. Nf3 g6 3. g3 Bg7 4. Bg2 0-0 5. 0-0 d5 6. c3 b6 7. c4 e6 8. Nc3 Bb7 9. Ne5 Ne4 10. cxd5 exd5 11. f4 f6 12. Nd3 Nc6 13. e3 Nxc3 14. bxc3 Na5 15. Re1 Qd7 16. a4 Rfe8 17. Ra2 Nc4 18. Nf2 Bc6 19. Qg4 Qxg4 20. Nxg4 Re7 21. Nf2 Rae8 22. Nd1 Kf7 23. Kf2 Ke6 24. Nb2 Nd6 25. c4 f5 26. Rd1 Ne4+ 27. Bxe4 fxe4 28. Bd2 dxc4 29. Nxc4 Bd5 30. Rc2 c5 31. dxc5 Rc8 32. Rdc1 bxc5 33. Na5 c4 34. Bc3 Bxc3 35. Rxc3 Rec7 36. Nb3 cxb3 37. Rxc7 Rxc7 0-1

[Event "Oberliga Baden 2122"]
[Site "Germany"]
[Date "2022.06.18"]
[Round "6.5"]
[White "Friedel, Marcus"]
[Black "Podat, Vladimir"]
[Result "1-0"]
[WhiteElo "2131"]
[BlackElo "2285"]
[PlyCount "85"]
[EventDate "2021.10.10"]
[EventType "team-tourn"]
[EventRounds "11"]
[EventCountry "GER"]
[SourceTitle "EXT 2023"]
[Source "ChessBase"]
[SourceDate "2022.10.05"]
[SourceVersion "1"]
[SourceVersionDate "2022.10.05"]
[SourceQuality "1"]
[WhiteTeam "Ettlingen"]
[BlackTeam "Untergrombach"]
[WhiteTeamCountry "GER"]
[BlackTeamCountry "GER"]

1. c4 e5 2. g3 Nf6 3. Bg2 d5 4. cxd5 Nxd5 5. Nc3 Ne7 6. Nf3 Nbc6 7. 0-0 g6 8. b4 a6 9. Bb2 Bg7 10. a3 0-0 11. d3 h6 12. Rc1 Rb8 13. Nd2 b6 14. b5 axb5 15. Nxb5 Bb7 16. a4 Qd7 17. Ba3 Rfc8 18. Nc4 Nd4 19. Bxb7 Rxb7 20. Bxe7 Nxb5 21. axb5 Qxe7 22. Ne3 Qd7 23. Rc6 Ra7 24. Qb3 Kh7 25. Rfc1 Rca8 26. Qc4 Kg8 27. Rxg6 Ra4 28. Qc6 Qc8 29. Qd5 Qd8 30. Rgc6 Rb4 31. Rxc7 Qxd5 32. Nxd5 Rxb5 33. Rd7 Rb2 34. Rcc7 Rf8 35. Kf1 b5 36. Rb7 Kh7 37. Rxf7 Rxf7 38. Rxf7 b4 39. Rb7 b3 40. e4 Kg6 41. Ne3 Rb1+ 42. Ke2 Rb2+ 43. Kf3 1-0

[Event "Oberliga Baden 2122"]
[Site "Germany"]
[Date "2022.04.09"]
[Round "10.3"]
[White "Podat, Vladimir"]
[Black "Trifan, Andrei Ioan"]
[Result "1/2-1/2"]
[WhiteElo "2285"]
[BlackElo "2253"]
[PlyCount "70"]
[EventDate "2021.10.10"]
[EventType "team-tourn"]
[EventRounds "11"]
[EventCountry "GER"]
[SourceTitle "EXT 2023"]
[Source "ChessBase"]
[SourceDate "2022.10.05"]
[SourceVersion "1"]
[SourceVersionDate "2022.10.05"]
[SourceQuality "1"]
[WhiteTeam "Untergrombach"]
[BlackTeam "Baden-Baden III"]
[WhiteTeamCountry "GER"]
[BlackTeamCountry "GER"]

1. d4 Nf6 2. Nf3 g6 3. Bf4 Bg7 4. Nc3 d5 5. Nb5 Na6 6. h3 0-0 7. e3 Ne4 8. a4 c6 9. Na3 c5 10. Be2 cxd4 11. exd4 Nb4 12. 0-0 b6 13. c3 Nc6 14. Nb1 Bb7 15. Nbd2 Rc8 16. Re1 Re8 17. Bd3 Nxd2 18. Qxd2 Qd7 19. Qe2 f6 20. Bb5 e5 21. dxe5 fxe5 22. Nxe5 Qf5 23. Bxc6 Rxc6 24. Qg4 Rce6 25. Qxf5 gxf5 26. Nf3 Rxe1+ 27. Rxe1 Rxe1+ 28. Nxe1 Bc6 29. Bb8 d4 30. cxd4 Bxd4 31. Bxa7 Bxb2 32. Bxb6 Bxa4 33. Nf3 Bc6 34. Bd4 Bxf3 35. Bxb2 Bc6 1/2-1/2

[Event "Oberliga Baden 2122"]
[Site "Germany"]
[Date "2022.03.06"]
[Round "8.2"]
[White "Podat, Vladimir"]
[Black "Dobosz, Henryk"]
[Result "1/2-1/2"]
[WhiteElo "2285"]
[BlackElo "2369"]
[PlyCount "176"]
[EventDate "2021.10.10"]
[EventType "team-tourn"]
[EventRounds "11"]
[EventCountry "GER"]
[SourceTitle "EXT 2023"]
[Source "ChessBase"]
[SourceDate "2022.10.05"]
[SourceVersion "1"]
[SourceVersionDate "2022.10.05"]
[SourceQuality "1"]
[WhiteTeam "Untergrombach"]
[BlackTeam "Buchen"]
[WhiteTeamCountry "GER"]
[BlackTeamCountry "GER"]

1. d4 d5 2. c4 e6 3. Nc3 Be7 4. cxd5 exd5 5. Bf4 Nf6 6. e3 0-0 7. Bd3 c6 8. h3 Nbd7 9. Nf3 Re8 10. 0-0 Nf8 11. Ne5 N6d7 12. a3 Nxe5 13. Bxe5 a5 14. Rb1 Be6 15. Qc2 f6 16. Bg3 Kh8 17. Rfd1 Bg8 18. b4 axb4 19. axb4 Nd7 20. b5 Nb6 21. bxc6 bxc6 22. Nb5 cxb5 23. Bc7 Qc8 24. Bxb6 Qxc2 25. Bxc2 b4 26. Bc5 Bxc5 27. dxc5 Rec8 28. Rxb4 Rxc5 29. Bb3 h6 30. Rbd4 Rb8 31. Bxd5 Bxd5 32. Rxd5 Rxd5 33. Rxd5 Rb7 34. g4 Kg8 35. Kg2 Kf7 36. h4 g6 37. Kg3 Ra7 38. Rb5 Rc7 39. Ra5 Rb7 40. Kf4 Rb4+ 41. e4 Rb2 42. f3 Rb3 43. Ra7+ Ke6 44. Kg3 h5 45. gxh5 gxh5 46. Ra5 Rb1 47. Rxh5 Rg1+ 48. Kf4 Rh1 49. Rh6 Re1 50. h5 Re2 51. Rg6 Rh2 52. Rh6 Re2 53. Rh8 Rh2 54. h6 Kf7 55. Kg3 Rh1 56. f4 Re1 57. Kf3 Rf1+ 58. Kg4 Rh1 59. h7 Kg6 60. e5 fxe5 61. fxe5 Rf1 62. Rg8+ Kxh7 63. Rg5 Kh6 64. Rf5 Re1 65. Rf6+ Kg7 66. Kf5 Ra1 67. Rb6 Kf7 68. Rb7+ Ke8 69. Kf6 Re1 70. Ke6 Kf8 71. Rb8+ Kg7 72. Ra8 Re2 73. Re8 Ra2 74. Rd8 Re2 75. Rd5 Re1 76. Ke7 Ra1 77. e6 Kg6 78. Rd7 Ra8 79. Rc7 Kg7 80. Rb7 Kg6 81. Rd7 Kg7 82. Rc7 Kg6 83. Rc2 Ra7+ 84. Kd6 Ra6+ 85. Rc6 Ra7 86. Rc7 Ra6+ 87. Kd7 Ra8 88. Ke7 Kg7 1/2-1/2

[Event "Heusenstamm Sparkassen op-A 7th"]
[Site "Heusenstamm"]
[Date "2021.11.19"]
[Round "2.7"]
[White "Bluebaum, Johanna"]
[Black "Podat, Vladimir"]
[Result "0-1"]
[WhiteElo "2046"]
[BlackElo "2311"]
[PlyCount "104"]
[EventDate "2021.11.18"]
[EventType "swiss"]
[EventRounds "7"]
[EventCountry "GER"]
[SourceTitle "EXT 2023"]
[Source "ChessBase"]
[SourceDate "2022.10.05"]
[SourceVersion "1"]
[SourceVersionDate "2022.10.05"]
[SourceQuality "1"]

1. d4 Nf6 2. c4 g6 3. Nc3 d5 4. cxd5 Nxd5 5. e4 Nxc3 6. bxc3 Bg7 7. Nf3 c5 8. h3 0-0 9. Be3 Qa5 10. Bd2 Qa3 11. Be2 b6 12. 0-0 Bb7 13. Qc2 cxd4 14. cxd4 Rc8 15. Qd3 Qxd3 16. Bxd3 e6 17. Rac1 Nc6 18. Be3 Nb4 19. Bb1 Ba6 20. Rxc8+ Rxc8 21. Rc1 Rxc1+ 22. Bxc1 Bc4 23. a3 Bd3 24. Bxd3 Nxd3 25. Bd2 b5 26. Kf1 Nb2 27. Bb4 Nc4 28. d5 a5 29. Be7 exd5 30. exd5 Bf8 31. Bxf8 Kxf8 32. Nd4 Nxa3 33. Ke2 Ke7 34. Nc6+ Kd6 35. Nxa5 Kxd5 36. Kd3 Nc4 37. Nb7 b4 38. Nd8 f6 39. Kc2 Na5 40. Nf7 Kd4 41. Nh6 f5 42. Nf7 b3+ 43. Kb2 Kd3 44. g4 Ke2 45. gxf5 gxf5 46. Nh6 f4 47. Ng4 h5 48. Nf6 Kxf2 49. Nxh5 f3 50. h4 Kg2 51. Nf4+ Kg3 52. h5 f2 0-1

[Event "Heusenstamm Sparkassen op-A 7th"]
[Site "Heusenstamm"]
[Date "2021.11.19"]
[Round "3.6"]
[White "Podat, Vladimir"]
[Black "Lesny, Florian"]
[Result "1/2-1/2"]
[WhiteElo "2311"]
[BlackElo "2143"]
[PlyCount "140"]
[EventDate "2021.11.18"]
[EventType "swiss"]
[EventRounds "7"]
[EventCountry "GER"]
[SourceTitle "EXT 2023"]
[Source "ChessBase"]
[SourceDate "2022.10.05"]
[SourceVersion "1"]
[SourceVersionDate "2022.10.05"]
[SourceQuality "1"]

1. d4 d5 2. c4 e6 3. Nc3 Nf6 4. Bg5 Be7 5. cxd5 exd5 6. e3 0-0 7. Bd3 h6 8. Bh4 Re8 9. Qc2 c6 10. Nf3 Nbd7 11. 0-0 Ne4 12. Bxe7 Qxe7 13. Rab1 a5 14. Na4 Nd6 15. Rbc1 Qd8 16. Qb3 Nf6 17. Nb6 Ra7 18. Nxc8 Nxc8 19. Ne5 Nd6 20. Rc2 Nd7 21. Nxd7 Qxd7 22. Qb6 Raa8 23. Rc5 Nc8 24. Qb3 Nd6 25. Rfc1 Re6 26. Qc3 Qd8 27. b3 Qb6 28. a3 Rf6 29. h3 Ne8 30. b4 axb4 31. axb4 Ra2 32. Rc2 Qa7 33. Rxa2 Qxa2 34. Bc2 Qa7 35. Ra5 Qb6 36. Ra8 Re6 37. Bf5 Re7 38. Bd7 Rxd7 39. Rxe8+ Kh7 40. Qc2+ g6 41. Qc5 Qxc5 42. bxc5 Kg7 43. Kf1 f5 44. Ke2 Kf7 45. Rh8 Kg7 46. Rb8 Re7 47. Kd3 g5 48. Rd8 Kf7 49. Rd6 Kg7 50. g3 f4 51. exf4 gxf4 52. gxf4 Rf7 53. Ke3 Re7+ 54. Kf3 Re4 55. Rd7+ Kf6 56. Rxb7 Rxd4 57. Rc7 Kf5 58. Rxc6 Rxf4+ 59. Kg3 Rc4 60. Rc8 d4 61. c6 Ke5 62. c7 Kd6 63. Kf4 d3+ 64. Ke3 Rh4 65. Kxd3 Rxh3+ 66. Ke4 Kd7 67. Re8 Kxc7 68. f4 Kd7 69. Re5 Rh1 70. Kf5 Rh5+ 1/2-1/2

[Event "Oberliga Baden 2122"]
[Site "Germany"]
[Date "2021.11.14"]
[Round "3.3"]
[White "Podat, Vladimir"]
[Black "Haag, Gregor"]
[Result "0-1"]
[WhiteElo "2285"]
[BlackElo "2368"]
[PlyCount "41"]
[EventDate "2021.10.10"]
[EventType "team-tourn"]
[EventRounds "11"]
[EventCountry "GER"]
[SourceTitle "EXT 2023"]
[Source "ChessBase"]
[SourceDate "2022.10.05"]
[SourceVersion "1"]
[SourceVersionDate "2022.10.05"]
[SourceQuality "1"]
[WhiteTeam "Untergrombach"]
[BlackTeam "Brombach"]
[WhiteTeamCountry "GER"]
[BlackTeamCountry "GER"]

1. d4 Nf6 2. Nf3 g6 3. Bf4 Bg7 4. Nc3 d5 5. Nb5 Na6 6. e3 0-0 7. Be2 Nh5 8. Bg5 c5 9. 0-0 h6 10. Bh4 g5 11. Bg3 Bf5 12. c3 Nxg3 13. hxg3 Qd7 14. a4 Rfc8 15. Ne5 Qe6 16. f4 Rd8 17. Bh5 Rf8 18. Bf3 Rad8 19. Bg4 f6 20. Bxf5 Qxf5 21. Qd3 0-1

[Event "Oberliga Baden 1920"]
[Site "Baden"]
[Date "2020.03.01"]
[Round "7.2"]
[White "Haag, Gregor"]
[Black "Podat, Vladimir"]
[Result "1-0"]
[WhiteElo "2393"]
[BlackElo "2293"]
[PlyCount "79"]
[EventDate "2019.09.29"]
[EventType "team-tourn"]
[EventRounds "9"]
[EventCountry "GER"]
[SourceTitle "CBM 195 Extra"]
[Source "ChessBase"]
[SourceDate "2020.05.31"]
[SourceVersion "1"]
[SourceVersionDate "2020.05.31"]
[SourceQuality "1"]
[WhiteTeam "Brombach"]
[BlackTeam "Untergrombach"]
[WhiteTeamCountry "GER"]
[BlackTeamCountry "GER"]

1. d4 d5 2. c4 dxc4 3. Nf3 Nf6 4. Nc3 a6 5. e4 e6 6. Bxc4 b5 7. Bd3 Bb7 8. Bg5 h6 9. Bxf6 Qxf6 10. 0-0 Nd7 11. Re1 Qd8 12. Qe2 Be7 13. d5 e5 14. a4 b4 15. Nb1 a5 16. Bb5 Bd6 17. Nbd2 0-0 18. Nc4 Re8 19. Nfd2 Bc5 20. Nf3 Bd6 21. Rac1 Re7 22. Nfd2 Nc5 23. Qe3 Kh7 24. Nb3 Nxb3 25. Qxb3 g6 26. Qf3 Kg7 27. Ne3 f6 28. Bc6 Bxc6 29. Rxc6 Rf7 30. Rec1 h5 31. Qh3 Qd7 32. Qe6 Re7 33. Qxd7 Rxd7 34. Nc4 Kf7 35. Kf1 Bf8 36. Nd2 Bd6 37. Ke2 f5 38. f3 Kf6 39. Nc4 Ra7 40. f4 1-0

[Event "Pfalz op-A 11th"]
[Site "Neustadt an der Weinstrasse"]
[Date "2020.02.25"]
[Round "9"]
[White "Podat, Vladimir"]
[Black "Wiechert, Hans"]
[Result "1-0"]
[WhiteElo "2310"]
[BlackElo "2175"]
[PlyCount "53"]
[EventDate "2020.02.21"]
[EventType "swiss"]
[EventRounds "9"]
[EventCountry "GER"]
[SourceTitle "CBM 195 Extra"]
[Source "ChessBase"]
[SourceDate "2020.05.31"]
[SourceVersion "1"]
[SourceVersionDate "2020.05.31"]
[SourceQuality "1"]

1. d4 Nf6 2. c4 e6 3. Nf3 d5 4. e3 b6 5. Nc3 Bb7 6. Bd3 dxc4 7. Bxc4 a6 8. 0-0 b5 9. Bb3 c5 10. Qe2 Nbd7 11. Rd1 cxd4 12. exd4 b4 13. Na4 Be7 14. Nc5 Nxc5 15. dxc5 Qc7 16. Ba4+ Bc6 17. Bf4 Qb7 18. Bxc6+ Qxc6 19. Rac1 0-0 20. Nd4 Qd5 21. c6 Rfc8 22. c7 Qh5 23. Qxh5 Nxh5 24. Be5 Kf8 25. Nc6 a5 26. Nb8 Nf6 27. Bxf6 1-0

[Event "Pfalz op-A 11th"]
[Site "Neustadt an der Weinstrasse"]
[Date "2020.02.24"]
[Round "6"]
[White "Baltic, Fatih"]
[Black "Podat, Vladimir"]
[Result "1/2-1/2"]
[WhiteElo "2215"]
[BlackElo "2310"]
[PlyCount "29"]
[EventDate "2020.02.21"]
[EventType "swiss"]
[EventRounds "9"]
[EventCountry "GER"]
[SourceTitle "CBM 195 Extra"]
[Source "ChessBase"]
[SourceDate "2020.05.31"]
[SourceVersion "1"]
[SourceVersionDate "2020.05.31"]
[SourceQuality "1"]

1. e4 c5 2. Nf3 Nc6 3. Bb5 g6 4. Bxc6 bxc6 5. 0-0 Bg7 6. Re1 Nh6 7. c3 0-0 8. d4 cxd4 9. cxd4 d5 10. e5 f6 11. Qa4 Qb6 12. e6 Bb7 13. Qa3 Nf5 14. Nc3 g5 15. Na4 1/2-1/2

[Event "Oberliga Baden 1920"]
[Site "Baden"]
[Date "2019.10.20"]
[Round "2.3"]
[White "Riehle, Marco"]
[Black "Podat, Vladimir"]
[Result "1/2-1/2"]
[WhiteElo "2309"]
[BlackElo "2293"]
[PlyCount "72"]
[EventDate "2019.09.29"]
[EventType "team-tourn"]
[EventRounds "9"]
[EventCountry "GER"]
[SourceTitle "CBM 195 Extra"]
[Source "ChessBase"]
[SourceDate "2020.05.31"]
[SourceVersion "1"]
[SourceVersionDate "2020.05.31"]
[SourceQuality "1"]
[WhiteTeam "Sasbach"]
[BlackTeam "Untergrombach"]
[WhiteTeamCountry "GER"]
[BlackTeamCountry "GER"]

1. e4 e5 2. Nf3 Nc6 3. d4 exd4 4. Bc4 Nf6 5. e5 d5 6. Bb5 Ne4 7. Nxd4 Bd7 8. Bxc6 bxc6 9. 0-0 Bc5 10. f3 Ng5 11. f4 Ne4 12. Be3 Qb8 13. b3 0-0 14. Nd2 Nc3 15. Qe1 Bb6 16. N2f3 Ne4 17. b4 a5 18. bxa5 Bxa5 19. Qh4 c5 20. Nb3 Bb6 21. c4 dxc4 22. Nbd2 Nxd2 23. Bxd2 Bf5 24. Qg5 Bd3 25. f5 f6 26. exf6 Rxf6 27. Bc3 h6 28. Qg3 Qf8 29. Ne5 Qd6 30. Ng4 Qxg3 31. Nxf6+ gxf6 32. hxg3 Bxf1 33. Kxf1 Kf7 34. Ke2 Ba5 35. Kd2 Bxc3+ 36. Kxc3 Ra4 1/2-1/2

[Event "Pfalz op 10th"]
[Site "Neustadt an der Weinstrasse"]
[Date "2019.03.02"]
[Round "3"]
[White "Chernykh, Arkady"]
[Black "Podat, Vladimir"]
[Result "0-1"]
[WhiteElo "2111"]
[BlackElo "2358"]
[PlyCount "76"]
[EventDate "2019.03.01"]
[EventType "swiss"]
[EventRounds "9"]
[EventCountry "GER"]
[SourceTitle "CBM 189 Extra"]
[Source "ChessBase"]
[SourceDate "2019.06.03"]
[SourceVersion "1"]
[SourceVersionDate "2019.06.03"]
[SourceQuality "1"]

1. d4 Nf6 2. c4 e6 3. Nc3 Bb4 4. Qc2 d5 5. cxd5 exd5 6. Bg5 h6 7. Bh4 c5 8. dxc5 g5 9. Bg3 Ne4 10. e3 Qa5 11. Rc1 Qxa2 12. Bb5+ Bd7 13. Bxd7+ Nxd7 14. Nf3 Rc8 15. 0-0 Bxc3 16. bxc3 Qxc2 17. Rxc2 Rxc5 18. Ra1 a5 19. Rb2 Nxg3 20. hxg3 b6 21. Ra3 Kd8 22. Nd4 Kc7 23. Kf1 h5 24. f4 gxf4 25. gxf4 Re8 26. Nb5+ Kc6 27. Nd4+ Kc7 28. Nb5+ Kb8 29. Ke2 Re6 30. Nd4 Rg6 31. Kf3 Ka7 32. g3 Ka6 33. Nc2 Rg8 34. Nb4+ Ka7 35. Rd2 Nf6 36. Nd3 Ne4 37. Nxc5 Nxd2+ 38. Ke2 Nc4 0-1

[Event "Verbandsliga Nordbaden 1819"]
[Site "Baden"]
[Date "2019.01.13"]
[Round "4.1"]
[White "Chernov, Vadim A"]
[Black "Podat, Vladimir"]
[Result "1/2-1/2"]
[WhiteElo "2359"]
[BlackElo "2340"]
[PlyCount "53"]
[EventDate "2018.10.14"]
[EventType "team-tourn"]
[EventRounds "9"]
[EventCountry "GER"]
[SourceTitle "EXT 2020"]
[Source "ChessBase"]
[SourceDate "2019.10.17"]
[SourceVersion "1"]
[SourceVersionDate "2019.10.17"]
[SourceQuality "1"]
[WhiteTeam "Ladenburg"]
[BlackTeam "Heidelberg"]
[WhiteTeamCountry "GER"]
[BlackTeamCountry "GER"]

1. e4 e5 2. Nf3 Nc6 3. Bb5 a6 4. Bxc6 dxc6 5. 0-0 Bg4 6. h3 h5 7. d3 Qf6 8. Be3 Bxf3 9. Qxf3 Qxf3 10. gxf3 Bd6 11. Nd2 Ne7 12. Rfb1 c5 13. Kf1 Nc6 14. c3 f6 15. a3 a5 16. Nc4 Kd7 17. a4 g5 18. Rd1 Ke6 19. d4 cxd4 20. Nxd6 cxd6 21. cxd4 exd4 22. Bxd4 Rhc8 23. Ra3 Nxd4 24. Rxd4 Rc5 25. Rb3 Rb8 26. Rbd3 Rd8 27. b4 1/2-1/2

[Event "Untergrombach op 36th"]
[Site "Untergrombach"]
[Date "2019.01.06"]
[Round "7"]
[White "Meijers, Viesturs"]
[Black "Podat, Vladimir"]
[Result "0-1"]
[WhiteElo "2433"]
[BlackElo "2340"]
[PlyCount "60"]
[EventDate "2019.01.02"]
[EventType "swiss"]
[EventRounds "7"]
[EventCountry "GER"]
[SourceTitle "CBM 188 Extra"]
[Source "ChessBase"]
[SourceDate "2019.02.26"]
[SourceVersion "1"]
[SourceVersionDate "2019.02.26"]
[SourceQuality "1"]

1. d4 d5 2. Nf3 Nf6 3. g3 b5 4. Bg2 Bb7 5. 0-0 e6 6. a4 b4 7. a5 Be7 8. Nbd2 0-0 9. Nb3 Ba6 10. Ne5 Bb5 11. Bd2 Na6 12. Nd3 Ne4 13. Be1 Rb8 14. f3 Nd6 15. Bf2 Nb7 16. Re1 Qc8 17. e4 dxe4 18. fxe4 c5 19. dxc5 Nbxc5 20. Nbxc5 Nxc5 21. Nxb4 Ba4 22. Qd4 a6 23. e5 Rd8 24. Qc3 Bb5 25. Red1 Na4 26. Qxc8 Rdxc8 27. Nxa6 Bxa6 28. Rxa4 Rxc2 29. Bd4 Rd8 30. Bf3 Bb5 0-1

[Event "Untergrombach op 36th"]
[Site "Untergrombach"]
[Date "2019.01.04"]
[Round "4"]
[White "Shishkin, Vadim"]
[Black "Podat, Vladimir"]
[Result "1/2-1/2"]
[WhiteElo "2452"]
[BlackElo "2340"]
[PlyCount "43"]
[EventDate "2019.01.02"]
[EventType "swiss"]
[EventRounds "7"]
[EventCountry "GER"]
[SourceTitle "CBM 188 Extra"]
[Source "ChessBase"]
[SourceDate "2019.02.26"]
[SourceVersion "1"]
[SourceVersionDate "2019.02.26"]
[SourceQuality "1"]

1. d4 d5 2. c4 dxc4 3. e4 e5 4. Nf3 exd4 5. Bxc4 Nc6 6. 0-0 Bc5 7. Ng5 Nh6 8. Nxf7 Nxf7 9. Bxf7+ Kxf7 10. Qh5+ g6 11. Qxc5 Re8 12. Nd2 Qe7 13. Qb5 a6 14. Qd3 Be6 15. b3 Rad8 16. Bb2 Nb4 17. Qg3 c5 18. a3 Nc6 19. f4 Kg8 20. Rac1 Kh8 21. h4 a5 22. Rfe1 1/2-1/2

[Event "Verbandsliga Nordbaden 1819"]
[Site "Baden"]
[Date "2018.10.14"]
[Round "1.1"]
[White "Podat, Vladimir"]
[Black "Gasthofer, Viktor"]
[Result "1/2-1/2"]
[WhiteElo "2373"]
[BlackElo "2308"]
[PlyCount "66"]
[EventDate "2018.10.14"]
[EventType "team-tourn"]
[EventRounds "9"]
[EventCountry "GER"]
[SourceTitle "EXT 2020"]
[Source "ChessBase"]
[SourceDate "2019.10.17"]
[SourceVersion "1"]
[SourceVersionDate "2019.10.17"]
[SourceQuality "1"]
[WhiteTeam "Heidelberg"]
[BlackTeam "Bad Mergentheim II"]
[WhiteTeamCountry "GER"]
[BlackTeamCountry "GER"]

1. d4 e6 2. c4 d5 3. Nc3 Nf6 4. cxd5 exd5 5. Bg5 c6 6. e3 Be7 7. Bd3 Nbd7 8. Qc2 Nh5 9. Bxe7 Qxe7 10. Nge2 Nb6 11. 0-0-0 Nf6 12. h3 Bd7 13. Kb1 0-0-0 14. Ng3 Kb8 15. Na4 Nxa4 16. Qxa4 Ne8 17. Rc1 Nd6 18. Qb4 Nf5 19. Qxe7 Nxe7 20. Nh5 g6 21. Nf4 Bf5 22. Kc2 h5 23. Bxf5 Nxf5 24. g4 hxg4 25. hxg4 Nd6 26. Kd3 Rde8 27. Ke2 g5 28. Nh5 Rh6 29. Ng3 Reh8 30. Rxh6 Rxh6 31. Kf3 Kc7 32. Kg2 Kd7 33. Re1 a5 1/2-1/2

[Event "GER CupT Baden Seniors final"]
[Site "Karlsruhe"]
[Date "2018.06.30"]
[Round "4.1"]
[White "Dudek, Richard"]
[Black "Podat, Vladimir"]
[Result "1/2-1/2"]
[WhiteElo "2240"]
[BlackElo "2369"]
[PlyCount "68"]
[EventDate "2018.06.24"]
[EventType "team-k.o."]
[EventRounds "4"]
[EventCountry "GER"]
[SourceTitle "EXT 2019"]
[Source "ChessBase"]
[SourceDate "2018.10.10"]
[SourceVersion "1"]
[SourceVersionDate "2018.10.10"]
[SourceQuality "1"]
[WhiteTeam "Eppingen Seniors"]
[BlackTeam "Heidelberg Seniors"]
[WhiteTeamCountry "GER"]
[BlackTeamCountry "GER"]

1. e4 d6 2. d4 Nf6 3. Nc3 g6 4. f4 Bg7 5. Nf3 c5 6. dxc5 Qa5 7. Bd3 Qxc5 8. Qe2 0-0 9. Be3 Qa5 10. Bd2 Nc6 11. Nd5 Qd8 12. 0-0-0 Bg4 13. Kb1 Nxd5 14. exd5 Nd4 15. Qf2 Nxf3 16. gxf3 Bh5 17. f5 Qd7 18. Rhg1 Kh8 19. Be3 gxf5 20. Rg5 Bg6 21. f4 Rg8 22. Bd4 Qa4 23. Bxg7+ Rxg7 24. Rdg1 Rag8 25. c4 Qa5 26. Qe3 f6 27. R5g3 Qc5 28. Qe6 Qf2 29. h4 Bf7 30. Qxf5 Qxg1+ 31. Rxg1 Rxg1+ 32. Kc2 Bg6 33. Qd7 Bxd3+ 34. Kxd3 R8g3+ 1/2-1/2

[Event "Verbandsliga Nordbaden 1718"]
[Site "Baden"]
[Date "2018.05.06"]
[Round "9.1"]
[White "Libiszewski, Fabien"]
[Black "Podat, Vladimir"]
[Result "1-0"]
[WhiteElo "2504"]
[BlackElo "2371"]
[PlyCount "101"]
[EventDate "2017.10.08"]
[EventType "team-tourn"]
[EventRounds "9"]
[EventCountry "GER"]
[SourceTitle "EXT 2019"]
[Source "ChessBase"]
[SourceDate "2018.10.10"]
[SourceVersion "1"]
[SourceVersionDate "2018.10.10"]
[SourceQuality "1"]
[WhiteTeam "Viernheim II"]
[BlackTeam "Heidelberg"]
[WhiteTeamCountry "GER"]
[BlackTeamCountry "GER"]

1. e4 e5 2. Nf3 Nc6 3. Bb5 Nf6 4. Nc3 Bb4 5. 0-0 0-0 6. d3 Bxc3 7. bxc3 d6 8. Bg5 h6 9. Bh4 Bd7 10. Rb1 Rb8 11. Re1 a6 12. Ba4 Na5 13. Bb3 Re8 14. Nd2 g5 15. Bg3 b5 16. d4 Bg4 17. f3 Bd7 18. Nf1 c5 19. dxe5 dxe5 20. Bd5 Nxd5 21. Qxd5 Qc7 22. Rbd1 Rbd8 23. Qd6 Qxd6 24. Rxd6 Nc4 25. Rxh6 Be6 26. h4 gxh4 27. Bxh4 Kg7 28. Rxe6 fxe6 29. Bxd8 Rxd8 30. Kf2 Nb6 31. Ne3 Rd2+ 32. Re2 Rd8 33. Re1 Rd2+ 34. Re2 Rd8 35. Ke1 Na4 36. Rd2 Rxd2 37. Kxd2 Nb6 38. c4 b4 39. c3 a5 40. cxb4 axb4 41. Kc2 Kf7 42. Kb3 Ke7 43. a3 bxa3 44. Kxa3 Kd6 45. Kb3 Nd7 46. Ka4 Nf6 47. Kb5 Nh5 48. g4 Nf4 49. g5 Ng6 50. Ng2 Ne7 51. Nh4 1-0

[Event "Karlsruhe Grenke op"]
[Site "Karlsruhe"]
[Date "2018.03.30"]
[Round "3"]
[White "Podat, Vladimir"]
[Black "Fedorovsky, Michael"]
[Result "1/2-1/2"]
[WhiteElo "2324"]
[BlackElo "2471"]
[PlyCount "42"]
[EventDate "2018.03.29"]
[EventType "swiss"]
[EventRounds "9"]
[EventCountry "GER"]
[SourceTitle "CBM 183 Extra"]
[Source "ChessBase"]
[SourceDate "2018.04.19"]
[SourceVersion "1"]
[SourceVersionDate "2018.04.19"]
[SourceQuality "1"]

1. d4 Nf6 2. Nf3 d5 3. Bf4 c5 4. e3 Nc6 5. Be2 e6 6. 0-0 Bd6 7. dxc5 Bxf4 8. exf4 Qa5 9. Nc3 Qxc5 10. Nb5 0-0 11. a4 Bd7 12. c3 Rac8 13. Bd3 a6 14. Nbd4 Ne4 15. Qe2 f5 16. Nxc6 Bxc6 17. Nd4 Qd6 18. f3 Nc5 19. Bc2 Qd7 20. Rfe1 Rf6 21. a5 Bb5 1/2-1/2

[Event "Verbandsliga Nordbaden 1718"]
[Site "Baden"]
[Date "2017.11.05"]
[Round "2.3"]
[White "Kuehnel, Lena"]
[Black "Podat, Vladimir"]
[Result "0-1"]
[WhiteElo "1944"]
[BlackElo "2371"]
[PlyCount "76"]
[EventDate "2017.10.08"]
[EventType "team-tourn"]
[EventRounds "9"]
[EventCountry "GER"]
[SourceTitle "EXT 2019"]
[Source "ChessBase"]
[SourceDate "2018.10.10"]
[SourceVersion "1"]
[SourceVersionDate "2018.10.10"]
[SourceQuality "1"]
[WhiteTeam "Birkenfeld"]
[BlackTeam "Heidelberg"]
[WhiteTeamCountry "GER"]
[BlackTeamCountry "GER"]

1. e4 e5 2. Nf3 Nc6 3. Bc4 Bc5 4. c3 Nf6 5. d4 exd4 6. e5 d5 7. Bb5 Ne4 8. cxd4 Bb6 9. Be3 0-0 10. h3 Ne7 11. 0-0 Nf5 12. Nc3 c5 13. Re1 Nxe3 14. Rxe3 cxd4 15. Nxd4 Qh4 16. Nxe4 dxe4 17. Re2 Rd8 18. Rd2 Bxh3 19. gxh3 Qg5+ 20. Kh1 Qxe5 21. Nc6 bxc6 22. Bxc6 e3 23. fxe3 Qxe3 24. Rxd8+ Rxd8 25. Qg4 g6 26. Rf1 f5 27. Qc4+ Kg7 28. Bg2 Rd2 29. b4 Qg3 30. Qc6 Rxa2 31. Qb7+ Kh6 32. Qa8 Bd4 33. Qf8+ Bg7 34. Qa8 Rf2 35. Rxf2 Qxf2 36. Qe8 Bd4 37. Kh2 Qg1+ 38. Kg3 f4+ 0-1